1308 1700 1913 1740 1501 1509 1509 1646 1353 1667 1051 1544 1806 1084 1325 1287 1209 1996 1611 1465 1478 1883 1576 1108 1463 1332 1858 1227 1279 1415 1931 1237 1689 1262 1969 1412 1702 1433 1823 1207 1315 1802 1417 1836 1340 1300 1954 1411 1769 1943 1401 1183 1649 1381 1157 1758 1129 1647 1588 1242 1735 1198 1078 1331 1282 1585 1627 1786 1385 1747 1757 1016 1063 1432 1145 1578 1216 1568 1385 1142 1172 1350 1496 1074 1304 1423 1325 1946 1102 1039 1051 1126 1394 1562 1594 1446 1433 1565 1933 BCNSPRNW ULIB Ver.6.0+V

เปลี่ยนเป็นภาษาไทย

Change to English
 แสดงรายละเอียดบรรณานุกรม
  กลับหน้าหลัก

Brief Record : Get Marc (ISO 2709) : E-mail record : QR code < ปิดหน้าต่าง
LEADER : 00000nam 2200000uu 4500
001    13399127304
003     ULIB
008    200408s2562||||th 000 0 tha d
020    ^a9786164880351
040    ^absi
060 04 ^aWB105^bก451
245 00 ^aการดูแลรักษาภาวะช็อกในห้องฉุกเฉิน =^bComprehensive shockresuscitation in emergency department /^cบรรณาธิการ, วินชนะศรีวิไลทนต์
246 31 ^aComprehensive shock resuscitation in emergency department
250    ^aพิมพ์ครั้งที่ 2
260    ^aกรุงเทพฯ :^bภาควิชาเวชศาสตร์ฉุกเฉิน คณะแพทยศาสตร์มหาวิทยาลัยธรรมศาสตร์,^c2562
300    ^a159 หน้า :^bภาพประกอบ (สีบางภาพ) ;^c30 ซม.
650  2 ^aShock^xtherapy
650  2 ^aShock, Traumatic
650  2 ^aResuscitation
650  4 ^aช็อค^xการรักษา
700 0  ^aวินชนะ ศรีวิไลทนต์,^eบรรณาธิการ
710 2  ^aมหาวิทยาลัยธรรมศาสตร์.^bคณะแพทยศาสตร์.^bภาควิชาเวชศาสตร์ฉุกเฉิน
945    ^p300^l0^i006784
945    ^p300^l0^i006785
945    ^p300^l0^i006786
945    ^p300^l0^i006787
945    ^p300^l0^i006788
945    ^p300^l0^i006789
945    ^p300^l0^i006790
945    ^p300^l0^i006791
945    ^p300^l0^i006792
945    ^p300^l0^i006793
999    ^aประนอม เกษจรัล
รายการนี้ยังไม่มีแท็ก
คุณยังไม่ได้ล็อกอิน คุณสามารถมีกิจกรรมร่วมกับเว็บไซต์ได้ แต่ต้องล็อกอินก่อน ::
  ล็อกอิน

รายการสื่อสารสนเทศ

ลำดับที่ ประเภท เลขเรียก/บาร์โค้ด สถานที่ สถานะ
1. วิทยาศาสตร์การแพทย์ และสุขภาพ
หนังสือสำรอง
สถานะ=หนังสือสำรอง
WB105 ก451 ฉ.1 
  Barcode: 006784
ห้องสมุดวิทยาเขตสวรรค์ประชารักษ์
►หนังสือทั่วไป
บนชั้น
2. วิทยาศาสตร์การแพทย์ และสุขภาพ
วิทยาศาสตร์การแพทย์ และสุขภาพ
WB105 ก451 ฉ.10 
  Barcode: 006793
ห้องสมุดวิทยาเขตสวรรค์ประชารักษ์
►หนังสือทั่วไป
บนชั้น
3. วิทยาศาสตร์การแพทย์ และสุขภาพ
วิทยาศาสตร์การแพทย์ และสุขภาพ
WB105 ก451 ฉ.2 
  Barcode: 006785
ห้องสมุดวิทยาเขตสวรรค์ประชารักษ์
►หนังสือทั่วไป
บนชั้น
4. วิทยาศาสตร์การแพทย์ และสุขภาพ
วิทยาศาสตร์การแพทย์ และสุขภาพ
WB105 ก451 ฉ.3 
  Barcode: 006786
ห้องสมุดวิทยาเขตสวรรค์ประชารักษ์
►หนังสือทั่วไป
บนชั้น
5. วิทยาศาสตร์การแพทย์ และสุขภาพ
วิทยาศาสตร์การแพทย์ และสุขภาพ
WB105 ก451 ฉ.4 
  Barcode: 006787
ห้องสมุดวิทยาเขตสวรรค์ประชารักษ์
►หนังสือทั่วไป
บนชั้น
6. วิทยาศาสตร์การแพทย์ และสุขภาพ
วิทยาศาสตร์การแพทย์ และสุขภาพ
WB105 ก451 ฉ.5 
  Barcode: 006788
ห้องสมุดวิทยาเขตสวรรค์ประชารักษ์
►หนังสือทั่วไป
บนชั้น
7. วิทยาศาสตร์การแพทย์ และสุขภาพ
วิทยาศาสตร์การแพทย์ และสุขภาพ
WB105 ก451 ฉ.6 
  Barcode: 006789
ห้องสมุดวิทยาเขตสวรรค์ประชารักษ์
►หนังสือทั่วไป
บนชั้น
8. วิทยาศาสตร์การแพทย์ และสุขภาพ
วิทยาศาสตร์การแพทย์ และสุขภาพ
WB105 ก451 ฉ.7 
  Barcode: 006790
ห้องสมุดวิทยาเขตสวรรค์ประชารักษ์
►หนังสือทั่วไป
บนชั้น
9. วิทยาศาสตร์การแพทย์ และสุขภาพ
วิทยาศาสตร์การแพทย์ และสุขภาพ
WB105 ก451 ฉ.8 
  Barcode: 006791
ห้องสมุดวิทยาเขตสวรรค์ประชารักษ์
►หนังสือทั่วไป
บนชั้น
10. วิทยาศาสตร์การแพทย์ และสุขภาพ
วิทยาศาสตร์การแพทย์ และสุขภาพ
WB105 ก451 ฉ.9 
  Barcode: 006792
ห้องสมุดวิทยาเขตสวรรค์ประชารักษ์
►หนังสือทั่วไป
บนชั้น

รายการใกล้เคียง
    หัวเรื่อง [Shock, Traumatic]
    หัวเรื่อง [Resuscitation]

BibComment


ยังไม่เคยถูกคอมเมนท์

คอมเมนท์ทรัพยากรรายการนี้
  คอมเมนท์: การดูแลรักษาภาวะ..


 Copyright 2026. Bcnsprnw @Library